000 00433nam a2200181Ia 4500
003 OSt
005 20250813150100.0
008 250729s2006 xx 000 0 und d
040 _cAL
041 _aeng
082 _a500.7 SIDT
100 _aAggarwal J C
_9221267
245 _aAdult and social education in india
260 _aNew Delhi
_bDoaha House
_c2006
300 _a325p
650 _aScience
_9221268
942 _2ddc
_cBED
999 _c234930
_d234930